LEADER 01666nas 2200541- 450 001 996336463903316 005 20211119213022.0 035 $a(OCoLC)59223207 035 $a(CKB)1000000000422083 035 $a(CONSER)--2018252073 035 $a(MiAaPQ)25313 035 $a(EXLCZ)991000000000422083 100 $a20010215a19769999 --- a 101 0 $aeng 135 $aur||||||||||| 181 $ctxt$2rdacontent 182 $cc$2rdamedia 183 $acr$2rdacarrier 200 10$aSojourners 210 1$aWashington, DC :$cSojourners 215 $a1 online resource 311 $a1550-1140 517 1 $aSojourners magazine 517 1 $aSojo 606 $aChristian life$vPeriodicals 606 $aChurch and the world$vPeriodicals 606 $aChristianity and politics$vPeriodicals 606 $aChurch and social problems$vPeriodicals 606 $aChristian life$2fast$3(OCoLC)fst00859185 606 $aChristianity and politics$2fast$3(OCoLC)fst00859736 606 $aChurch and social problems$2fast$3(OCoLC)fst00860491 606 $aChurch and the world$2fast$3(OCoLC)fst00860543 608 $aPeriodicals.$2fast 608 $aPeriodicals.$2lcgft 615 0$aChristian life 615 0$aChurch and the world 615 0$aChristianity and politics 615 0$aChurch and social problems 615 7$aChristian life. 615 7$aChristianity and politics. 615 7$aChurch and social problems. 615 7$aChurch and the world. 676 $a261.8/05 712 02$aSojourners Fellowship, 906 $aJOURNAL 912 $a996336463903316 996 $aSojourners$91916179 997 $aUNISA